Economic opening and growth in China
Na minha lista:
| Autor Corporativo: | |
|---|---|
| Outros Autores: | |
| Formato: | Livro |
| Idioma: | inglês |
| Publicado em: |
Paris
OECD
2000
|
| Colecção: | Development Centre studies
International development |
| Assuntos: | |
| Tags: |
Sem tags, seja o primeiro a adicionar uma tag!
|
MARC
| LEADER | 00000nam a2200000 4500 | ||
|---|---|---|---|
| 001 | c121475 | ||
| 005 | 20221108080155.7 | ||
| 020 | |a 92-64-17178-9 | ||
| 041 | 0 | |a eng | |
| 044 | |a FR | ||
| 245 | 1 | 0 | |a Economic opening and growth in China |c [by Sylvie Démurger] |
| 264 | 1 | |a Paris |b OECD |c 2000 | |
| 300 | |a 89 s. | ||
| 490 | 1 | |a Development Centre studies | |
| 830 | 0 | |a Development Centre studies | |
| 490 | 1 | |a International development | |
| 830 | 0 | |a International development | |
| 610 | 2 | 0 | |a rast hospodársky |
| 610 | 2 | 0 | |a politika hospodárska |
| 610 | 2 | 0 | |a kraje |
| 610 | 2 | 0 | |a regióny |
| 610 | 2 | 0 | |a história |
| 610 | 2 | 0 | |a vývoj |
| 610 | 2 | 0 | |a modelovanie |
| 610 | 2 | 0 | |a investície priame zahraničné |
| 610 | 2 | 0 | |a Čína |
| 610 | 2 | 0 | |a OECD |
| 700 | 1 | |a Démurger, Sylvie | |
| 710 | 2 | |a OECD. Development Centre | |